| 000 | 01781cam a2200349 a 4500 | ||
|---|---|---|---|
| 003 | EG-GiCUC | ||
| 005 | 20250223030913.0 | ||
| 008 | 131214s2013 ua d f m 000 0 eng d | ||
| 040 |
_aEG-GiCUC _beng _cEG-GiCUC |
||
| 041 | 0 | _aeng | |
| 049 | _aDeposite | ||
| 097 | _aPh.D | ||
| 099 | _aCai01.07.06.Ph.D.2013.Mo.U | ||
| 100 | 0 | _aMona Mohamed Mohamed Ali | |
| 245 | 1 | 0 |
_aUsing some biofertilizers in biological control / _cMona Mohamed Mohamed Ali ; Supervised Nadia Fahmy Amin Emam , Mohammed Zakaria Sedik , Esaad Hassan Bedaiwi |
| 246 | 1 | 5 | _aاستخدام بعض المخصبات الحيويه فى المقاومة الحيويه |
| 260 |
_aCairo : _bMona Mohamed Mohamed Ali , _c2013 |
||
| 300 |
_a144 P. : _bcharts ; _c25cm |
||
| 502 | _aThesis (Ph.D.) - Cairo University - Faculty of Agriculture - Department of Microbiology | ||
| 520 | _aMaize and faba bean are very important corps in Egypt and the damping off and root-rot are the most diseases that attacking these plants causing serious losses of yield and quality of these crops. The results obtained in vitro revealed that among eighty isolates of nitrogen fixing bacteria isolated from the rhizosphere and roots of maize and faba bean plants, the strain No.12 of Azospirllum lipoferum was active against the ten tested pathogenic fungi that recorded largest inhibition zone | ||
| 530 | _aIssued also as CD | ||
| 653 | 4 | _aBiocontrol agents | |
| 653 | 4 | _aNitrogen fixing bacteria | |
| 653 | 4 | _aPathogenic fungi | |
| 700 | 0 |
_aEsaad Hassan Bedaiwi , _eSupervisor |
|
| 700 | 0 |
_aMohammed Zakaria Sedik , _eSupervisor |
|
| 700 | 0 |
_aNadia Fahmy Amin Emam , _eSupervisor |
|
| 856 | _uhttp://172.23.153.220/th.pdf | ||
| 905 |
_aNazla _eRevisor |
||
| 905 |
_aSamia _eCataloger |
||
| 942 |
_2ddc _cTH |
||
| 999 |
_c44418 _d44418 |
||